000 01180nam0a22002771 4500
001 v19\rc\1775963
005 20260406200104.0
035 _a(NLR Aleph) 004871731
090 _a5101231
_c5101231
100 _a20061204d1904 |||y0rusy50 ca
101 0 _arus
102 _aRU
105 _ay z |||||
200 1 _aДокладная записка по вопросу о расширении предприятия и увеличении основного капитала акционерного общества "Дукс" Ю.А. Меллер
_a[Смета прихода и расхода на 1904-5 г.]
210 _aМосква
_dценз. 1904
215 _a8 с.
_d22
309 _aБез тит. л. и обл.
532 1 1 _aСмета прихода и расхода на тысяча девятьсот четвертый - 5 г.
710 0 2 _a"Дукс", акционерное общество Ю. А. Меллера
_cМосква
_9415287
_3RU\NLR\AUTH\889959552
801 0 _aRU
_bNLR
_gpsbo
801 0 _aRU
_bRuMoRGB
_2psbo
801 1 _aRU
_bProSoft-M
_2rusmarc
852 _aNLR
_j34.84.5.167
899 _aRuMoRGB
_jR 449/1456
942 _cBOOK
980 _aNB